Vyavasthapana tatvagalu (Record no. 130689)
[ view plain ]
| 000 -LEADER | |
|---|---|
| fixed length control field | 00632nam a2200217Ia 4500 |
| 003 - CONTROL NUMBER IDENTIFIER | |
| control field | OSt |
| 005 - DATE AND TIME OF LATEST TRANSACTION | |
| control field | 20240423164355.0 |
| 008 - FIXED-LENGTH DATA ELEMENTS--GENERAL INFORMATION | |
| fixed length control field | 210210b2008 xxu||||| |||| 00| 0 eng d |
| 040 ## - CATALOGING SOURCE | |
| Transcribing agency | AL |
| 041 ## - LANGUAGE CODE | |
| Language code of text/sound track or separate title | Kannada |
| 082 ## - DEWEY DECIMAL CLASSIFICATION NUMBER | |
| Classification number | 658K PARV |
| 100 ## - MAIN ENTRY--PERSONAL NAME | |
| Personal name | PARSVANATHA AJRI |
| Dates associated with a name | ಪಾರ್ಶ್ವನಾಥ ಅಜ್ರಿ |
| 9 (RLIN) | 162187 |
| 245 ## - TITLE STATEMENT | |
| Title | Vyavasthapana tatvagalu |
| Remainder of title | ವ್ಯವಸ್ಥಾಪನಾ ತತ್ವಗಳು |
| 260 ## - PUBLICATION, DISTRIBUTION, ETC. | |
| Place of publication, distribution, etc. | Mudabidre |
| Name of publisher, distributor, etc. | Not Mentioned |
| Date of publication, distribution, etc. | 2008 |
| 300 ## - PHYSICAL DESCRIPTION | |
| Extent | 184 |
| 650 ## - SUBJECT ADDED ENTRY--TOPICAL TERM | |
| Topical term or geographic name entry element | Vyavasthapana |
| 9 (RLIN) | 162188 |
| 650 ## - SUBJECT ADDED ENTRY--TOPICAL TERM | |
| Topical term or geographic name entry element | tatvagalu |
| 9 (RLIN) | 162189 |
| 690 ## - LOCAL SUBJECT ADDED ENTRY--TOPICAL TERM (OCLC, RLIN) | |
| Topical term or geographic name as entry element | Management |
| 9 (RLIN) | 162190 |
| 906 ## - LOCAL DATA ELEMENT F, LDF (RLIN) | |
| a | 062938 |
| 942 ## - ADDED ENTRY ELEMENTS (KOHA) | |
| Source of classification or shelving scheme | Dewey Decimal Classification |
| Koha item type | Book |
| Withdrawn status | Lost status | Source of classification or shelving scheme | Damaged status | Not for loan | Collection code | Home library | Current library | Shelving location | Date acquired | Source of acquisition | Cost, normal purchase price | Total Checkouts | Full call number | Barcode | Date last seen | Price effective from | Koha item type |
|---|---|---|---|---|---|---|---|---|---|---|---|---|---|---|---|---|---|
| Dewey Decimal Classification | Management | St Aloysius Library | St Aloysius Library | Secondary stack section | 02/17/2021 | West Coast Paper & Stationers Mangalore-1 | 111.00 | 658K PARV | 062938 | 02/17/2021 | 02/17/2021 | Book |